Morale

Guardat en:
Dades bibliogràfiques
Autor principal: Cazes, E (Autor)
Format: Llibre
Idioma:francès
Publicat: París Ch. Delagrave 1900
Col·lecció:Cours des Ecoles
Matèries:
Etiquetes: Afegir etiqueta
Sense etiquetes, Sigues el primer a etiquetar aquest registre!

MARC

LEADER 00000nam a2200000 a 4500
001 UCZ8684
003 CL-VaPUC
008 960125e19000000FR |||||||||||||||||fre|d
082 0 4 |a 370.114  |b CAZ  |2 21 
100 0 |a Cazes, E  |e author  |9 354063 
245 1 0 |a Morale 
300 |a 272 p 
942 |c BK 
945 |d 19960125 00:00:00  |a cmena 
260 |a París  |b Ch. Delagrave  |c 1900 
650 0 |a Educación moral  |9 308319 
650 0 |a Ética  |9 255099 
650 0 |a Comportamiento moral  |9 334569 
650 7 |a DESARROLLO MORAL  |2 CL-VaPUC  |9 310605 
650 0 |a Educación básica   |9 224933 
583 |a last modification  |c 19960125 00:00:00  |k Rodrigo Vera 
490 0 |a Cours des Ecoles 
999 |c 244534  |d 244532 
952 |0 0  |1 0  |4 0  |6 370_114000000000000_CAZ_1900  |7 0  |8 P  |9 258621  |a BIBEDU  |b BIBEDU  |c BIBEDU_PB  |d 2019-11-19  |i 1618423  |o 370.114 CAZ 1900  |p 1618423  |r 2024-01-25  |w 2019-11-19  |y BK  |k EDU